000 00354nam a2200157Ia 4500
003 0STCL
008 150530s9999 xx 000 0 und d
040 _aSTCL
_cSTCL
100 _aGeorge Eliot
245 _aSilas marner
260 _bUniversity of Calicut
_c1992
546 _aEnglish
942 _2ddc
_cBK
999 _c58103
_d58103
005 20220125171041.0